Score 0/20 Timer 04:00
3 Plays Today
Actor Missing Word % Correct
Robert DuvallKill
98.8%
Robert DuvallSixty
92.9%
Diane KeatonGotta
92.6%
Diane KeatonBride
92.5%
Marlon BrandoStreetcar
92.1%
Al PacinoScent
88.6%
Al PacinoDog
87.9%
Marlon BrandoCaesar
85.3%
Diane KeatonAnnie
84.8%
Al PacinoSunday
83%
Actor Missing Word % Correct
Al PacinoWay
81.4%
Marlon BrandoMutiny
77.8%
Marlon BrandoWaterfront
73.9%
Al PacinoAdvocate
72.3%
Diane KeatonMurder
65.8%
Marlon BrandoApocalypse
65.8%
Robert DuvallDeep
59.7%
Robert DuvallTender
47.1%
Robert DuvallGenerals
22.6%
Diane KeatonBoom
21.8%

Today's Daily Dose

Remove Ads.
Support Sporcle.
Get the best of Sporcle when you Go Orange. This ad-free experience offers more features, more stats, and more fun while also helping to support Sporcle. Thank you for becoming a member.

You're not logged in!

Compare scores with friends on all Sporcle quizzes.
OR
Log In

Show Comments

Extras

Top Quizzes Today


Score Distribution

Your Account Isn't Verified!

In order to create a playlist on Sporcle, you need to verify the email address you used during registration. Go to your Sporcle Settings to finish the process.

Report this User

Report this user for behavior that violates our Community Guidelines.

Details: